British Empire Decoder - Statistics

General Stats
  • This quiz has been taken 39 times
  • The average score is 11 of 20
Answer Stats
Hint Answer % Correct
F Disputed British archipelago close to Argentina Falkland Islands
100%
N Won the Battle of Trafalgar (surname) Nelson
82%
O Britain humiliated China thanks to this drug Opium
82%
C This famous Navy Captain discovered Hawaii (surname) Cook
79%
A Initially a penal colony, later became a Dominion Australia
73%
W This Duke defeated Napoleon at Waterloo Wellington
70%
I The Empire was the heart of this revolution Industrial
67%
R Term that defines British rule over India Raj
64%
P "British peace" in Latin Pax Britannica
58%
M Name of the city of Chennai during Britsh rule Madras
48%
O Arab Sultanate under British influence Oman
48%
R British colonies in Africa were named after him Rhodes
48%
C Closest island colony to British India Ceylon
42%
E Prime Minister during the Suez Crisis (surname) Eden
39%
From Cape Town to Cairo
33%
O Boer Republic which became part of South Africa Orange Free State
33%
T They rebelled in 1776 and formed the USA Thirteen Colonies
33%
O Onorary award established in 1917 Order of the British Empire
30%
T British protectorates in the Persian gulf Trucial States
24%
A Their defeat established the Gold Coast colony Ashanti
18%
No matching quizzes found
Score Distribution
Percent of People with Each Score
Percentile by Number Answered
Your Score History
You have not taken this quiz